000 00389nam a2200133 u 4500
001 000020308
005 20200929170346.0
008 100813220uu 000 0 spa d
040 _aDO-SdBNP
_bspa
_cBNPHU
082 _axxx
_bxxxx
245 1 0 _aAborigen :
_boriginario del suelo en que vive.
260 _a[Santo Domingo], :
_bEl Cuarto Publicidad,
_c[20--].
300 _a18 p. :
_bil ;
_c14 cm.
999 _c19812
_d19812